01500nam a2200253 a 4500008004100000020001800041050001500059100002300074245009900097250001200196260003400208300002000242350001000262650002500272650003600297700001800333995015400351995015500505995015500660999001700815952013400832952013400966952014601100160505s2005 ||||||||||||||||| || u a9781841693590 aBF 311 Eys aEysenck, Michael W10aCognitive psychology: a student's handbook. (5th ed.)cBy Michael W. Eysenck and Mark T. Keane a5th ed. aHove:bPsychology Pressc2005 aix, 646p.: ill. a55.00 aCOGNITION--TEXTBOOKS aCOGNITIVE PSYCHOLOGY--TEXTBOOKS aKeane, Mark T aMAIN LIBRARY OPEN ACCESSe745697FCBU-MAIN LIBRARY (Kitwe)I55.00jBF 311 EysM1UAVAILABLEWMay 6, 2016y745697ZMain Library Open Access Collection aMAIN LIBRARY OPEN ACCESSe746270FCBU-MAIN LIBRARY (Kitwe)I55.00jBF 311 EysM3UAVAILABLEWAug 16, 2016y746270ZMain Library Open Access Collection aMAIN LIBRARY OPEN ACCESSe746187FCBU-MAIN LIBRARY (Kitwe)I55.00jBF 311 EysM2UAVAILABLEWMay 13, 2016y746187ZMain Library Open Access Collection c79440d79440 00102lcc4070a001b001cMain Library Open Access Collectiond2023-06-29l0oBF 311 Eysp745697r2023-06-29t1w2023-06-29y002 00102lcc4070a001b001cMain Library Open Access Collectiond2023-06-29l0oBF 311 Eysp746270r2023-06-29t2w2023-06-29y002 00102lcc4070a001b001cMain Library Open Access Collectiond2023-06-29l1oBF 311 Eysp746187r2026-05-15s2026-05-12t3w2023-06-29y002